00393nam a2200157Ia 4500001000500000005001700005008004100022041000800063082001600071100002300087245007200110260000900182300002800191650000800219654000800227338020260306145639.0260306t1997||||xx |||||||||||||| ||spa|| aESP a270.92bJ81 aJuan Pablo IIeAUT 0aDon y misterio:ben el quincuagésimo aniversario de mi sacerdocio c1997 a107 páginas :c22 cm. aGEN aCHU